000 00645nam a2200229Ia 4500
003 OSt
005 20220925214715.0
006 a|||||r|||| 00| 0
007 ta
008 220923b |||||||| |||| 00| 0 eng d
037 _cGeneral Book
040 _aRTL
_cRTL
_beng
041 _2eng
_aeng
082 _aX9(J).1(W691).N8, M5
100 _aSaith Ashwani Ed.
_9138039
245 0 _aAgrarian question in socialist transitions
260 _aLondon
_bFrank Cass U K
_c1985
300 _a250p.
_ccm.
650 _aIndustry
942 _hX9(J).1(W691).N8, M5
_cGB
_2CC
999 _c566360
_d566360